000 01402nam a22003017a 4500
003 DO-SdBNP
005 20240903093121.0
007 ta
008 220207b19691971 ||||| |||| 00| 0 spa d
040 _aDO-SdBNP
_bspa
_cBNPHU
082 4 _a370.15
_bE92p
_222
100 1 _aEvans, E. G. S.
_981167
240 _aModern educational psychology
_lEspañol
245 1 0 _aPsicología moderna de la educación :
_bintroducción histórica /
_cE. G. S. Evans ; traducción, Enrique Bernardez Sanchiz ; revisión, Gonzalo Gonzalvo Mainar.
260 _aMadrid, España :
_bMorata, S.A.,
_c1971.
300 _a133 p. :
_c21 cm
500 _aVersión española : Enríquez Bernardez Sanchiz
500 _aIncluye índice de autores.
504 _aBibliografía : p. 119-123.
505 0 _aDerecho del niño --
_tTeorías de la personalidad --
_tPsicología del aprendizaje --
_tTests mentales y medición --
534 _aFacsimil de :
_bPsicología moderna de la educación: introducción histórica. Desarrollo del niño, Teorías de la personalidad, Psicología del aprendizaje, Tests mentales y medición.
_cEdiciones Morata,
_e1920
590 _aInventariado, 2022 / SA
650 4 _aPsicopedagogía
_981168
700 1 _aBernardez Sanchiz, Enríque
_etr.
_981169
700 1 _950374
_aGonzalvo Mainar, Gonzalo
_erevisión
910 _aSaquino/Validado, Control de calidad MFF
942 _2ddc
_cLBS1
999 _c51363
_d51363